Precálculo con avances de cálculo

Guardat en:
Dades bibliogràfiques
Autor principal: Zill, Dennis G.
Altres autors: Dewar, Jacqueline M.
Format: Llibre
Idioma:espanyol
Publicat: México, D.F. McGraw-Hill 2007
Edició:4ª ed.
Matèries:
Etiquetes: Afegir etiqueta
Sense etiquetes, Sigues el primer a etiquetar aquest registre!

MARC

LEADER 00000nam a22000005a 4500
003 CL-ChBUA
005 20120815095538.0
008 111109s2007 mx ||||| |||| 000 ||spa
020 |a 9789701065167 
040 |a CL-ChBUA  |c CL-ChBUA 
082 0 0 |a 512.1 
090 |c 29095  |d 29095 
100 1 |a Zill, Dennis G. 
245 1 0 |a Precálculo con avances de cálculo 
250 |a 4ª ed. 
260 |a México, D.F.  |b McGraw-Hill  |c 2007 
300 |a 400 p.  |c 27 cm. 
504 |a índice, il. 
650 4 |a MATEMATICAS 
700 1 |a Dewar, Jacqueline M. 
942 |c LIB 
952 |0 0  |1 0  |2 ddc  |4 0  |6 512_100000000000000_Z_69  |7 0  |9 67977  |a UNACH  |b UNACH  |c 500  |d 2011-11-09  |i 48.311  |l 3  |m 1  |o 512.1 / Z 69  |p 69109  |r 2025-03-17 00:00:00  |s 2025-03-10  |u 67977  |w 2012-08-08  |y LIB 
999 |c 29095  |d 29095